000 00344 a2200157 4500
001 72798
020 _a8587479628
040 _cAnchieta - Colégio São Paulo
100 _aFranco, Izaura
240 1 0 _aCarta a Daniela
_lpor
245 1 0 _aCarta a Daniela
300 _a[22]
362 0 _a2007
650 4 _aLiteratura infantil
942 _cBK
999 _c72798
_d72798